Regional Incomes Structure Analysis in Slovak Republic on the Basic of EU-SILC Data
Empirická analýza regionálnej štruktúry príjmov v Slovenskej republike na základe štatistiky Európskej únie o príjmoch a životných podmienkach.
Gespeichert in:
| 1. Verfasser: | |
|---|---|
| Format: | Buchkapitel |
| Sprache: | Englisch |
| Schlagworte: | |
| Tags: |
Keine Tags, Fügen Sie das erste Tag hinzu!
|
MARC
| LEADER | 00000nla a2200000 4500 | ||
|---|---|---|---|
| 001 | 0235742 | ||
| 005 | 20240715074938.0 | ||
| 041 | 0 | |a eng | |
| 044 | |a RO | ||
| 245 | 1 | 0 | |a Regional Incomes Structure Analysis in Slovak Republic on the Basic of EU-SILC Data |c Milan Terek |
| 520 | |a Empirická analýza regionálnej štruktúry príjmov v Slovenskej republike na základe štatistiky Európskej únie o príjmoch a životných podmienkach. | ||
| 610 | 2 | 0 | |a analýza empirická |
| 610 | 2 | 0 | |a Slovensko |
| 610 | 2 | 0 | |a štruktúra príjmov |
| 610 | 2 | 0 | |a metódy štatistické |
| 100 | 1 | |a Terek, Milan | |